|
|
|
|
| LEADER |
01341nam a22002777a 4500 |
| 001 |
34047 |
| 003 |
BD-DhAAL |
| 005 |
20181213165131.0 |
| 008 |
181213t2017 bg a|||| b||| 00| 0 ben d |
| 999 |
|
|
|c 40351
|d 40351
|
| 040 |
|
|
|a BD-DhAAL
|
| 041 |
|
|
|a ben
|
| 082 |
|
|
|a 954.9205
|2 23
|
| 100 |
|
|
|a সিদ্দিকী, মামুন
|9 29158
|
| 245 |
|
|
|a ১৯৭১ :
|b কুমিল্লা পুলিশ লাইন্স /
|c মামুন সিদ্দিকী
|
| 260 |
|
|
|a ঢাকা :
|b বাংলাদেশ পুলিশ,
|c ২০১৭
|
| 300 |
|
|
|a ২৯৫ পৃষ্ঠা :
|b চিত্র ;
|c ২২ সে.মি.
|
| 504 |
|
|
|a গ্রন্থপঞ্জিগত তথ্য অন্তভূক্ত
|
| 526 |
|
|
|a AAL
|
| 541 |
|
|
|a Development Book Agency
|e 34047
|
| 650 |
|
|
|a Bangladesh
|x History
|y Revolution, 1971
|9 29159
|
| 650 |
|
|
|a Comilla District ( Bangladesh )
|x Politics and government
|9 29160
|
| 650 |
|
|
|a বাংলাদেশ
|x ইতিহাস
|y মুক্তিযুদ্ধ, ১৯৭১
|9 29161
|
| 852 |
|
|
|a Ayesha Abed Library
|c Bangabandhu Corner
|
| 942 |
|
|
|2 ddc
|c BK
|
| 952 |
|
|
|0 0
|1 0
|2 ddc
|4 0
|6 954_920500000000000_SID
|7 0
|9 64815
|a BRACUL
|b BRACUL
|c BNC
|d 2018-12-18
|e Development Book Agency
|g 360.00
|l 1
|o 954.9205 SID
|p 3010034047
|r 2024-11-10
|s 2024-11-03
|t 1
|v 400.00
|w 2018-12-18
|y BK
|